000 00658nam a2200229Ia 4500
003 OSt
005 20221007064956.0
006 a|||||r|||| 00| 0
007 ta
008 221006b |||||||| |||| 00| 0 eng d
024 _a2,060
037 _cTextual
040 _aFLL
_cFLL
_beng
041 _2eng
_aeng
082 _aY1:45:62.2, L0;1
100 _aBhushan Vidya Au.
_9686490
245 0 _aPrison administration in India
260 _aDelhi
_bS. Chand & Co. India
_c1970
700 _a H. Shah Jyotsana Au.
_9686491
942 _hY1:45:62.2, L0;1
_cTEXL
_2CC
999 _c1135928
_d1135928